XI Roku 2022 Polskich Piłkarzy (wg Tygodnika "Piłka Nożna") - Statystyki

Ogólne statystyki
  • Ten quiz został rozwiązany 142 razy
  • Średni wynik to 10 z 11
Statystyki odpowiedzi
Pozycja Klub Zawodnik % Poprawnych
BR Juventus Wojciech Szczęsny
100%
N Marsylia/Juventus Arkadiusz Milik
98%
ŚP Napoli Piotr Zieliński
98%
N Bayern/Barcelona Robert Lewandowski
98%
PO Aston Villa Matty Cash
96%
LO/LS Lens Przemysław Frankowski
91%
LO/PO Sampdoria Bartosz Bereszyński
87%
ŚP Brighton Jakub Moder
87%
PS Lech/Wolfsburg Jakub Kamiński
84%
ŚO Benevento Kamil Glik
84%
ŚO Spezia Jakub Kiwior
68%
Nie znaleziono quizów pasujących do podanych kryteriów
Rozkład punktacji
Procent ludzi z każdym wynikiem
Percentyl według liczby udzielonych odpowiedzi
Twoja historia wyników
Nie rozwiązałeś tego quizu